Chocolate Chip Cookies Recipe - Statistics

General Stats
  • This quiz has been taken 56 times
  • The average score is 6 of 8
Answer Stats
Ingredient Measurement % Correct
Flour 2 Cups
84%
Egg 1
80%
Sugar 1 1/2 Cups
80%
Chocolate Chips 2 Cups
69%
Salt 1/2 Teaspoon
69%
Baking Soda 1 Teaspoon
59%
Butter 1 Cup
59%
Vanilla Extract 1 Teaspoon
55%
No matching quizzes found
Score Distribution
Percent of People with Each Score
Percentile by Number Answered
Your Score History
You have not taken this quiz